Città che Iniziano con B - Top 10 - Statistics

Statistiche generali
  • Questo quiz è stato fatto 77 volte
  • Il punteggio medio è 5 su 10
Statistiche sulle risposte
Stato Città Popolazione % Corretto
🇨🇴 Bogotá 7.674.366
86%
🇦🇷 Buenos Aires 13.076.300
85%
🇩🇪 Berlino 3.426.354
83%
🇹🇭 Bangkok 5.104.476
76%
🇮🇶 Baghdad 7.216.000
73%
🇧🇷 Brasilia 2.207.718
68%
🇮🇳 Bangalore 5.104.407
23%
🇧🇷 Belo Horizonte 2.373.224
14%
🇰🇷 Busan 3.678.555
12%
🇮🇶 Basra 2.600.000
3%
Nessun quiz corrispondente trovato
Distribuzione punteggi
Percentuale di utenti per punteggio
Percentile per numero di risposta
I tuoi punteggi nel tempo
Non hai fatto questo quiz